| 000 | 00957nam a22002777a 4500 | ||
|---|---|---|---|
| 001 | 9945 | ||
| 003 | FISKH | ||
| 005 | 20260319090938.0 | ||
| 008 | 260319b cb ||||| |||| 00| 0 eng d | ||
| 020 | _a9780762435791 | ||
| 040 |
_aFISKH _beng _cFISKH _dFISKH |
||
| 050 | _aQE861.5 .W675 | ||
| 082 | _a567.9 | ||
| 100 |
_aWormell, Christopher _eAuthor |
||
| 245 |
_aWings, horns, & claws : _bA dinosaur book of epic proportions / _cChristopher Wormell |
||
| 260 |
_aPhiladelphia : _bRunning Press Kids , _c2008 |
||
| 300 |
_a25 unnumbered pages : _bcolor illustrations ; _c17 cm |
||
| 505 | _aR | ||
| 520 | _aPresents an illustrated collection of drawings describing the physical characteristics, habitat, and behaviors of a number of prehistoric dinosaurs. | ||
| 521 | 8 |
_a700
_bLexile estimate |
|
| 521 | 8 |
_aR
_bRaz-Plus |
|
| 650 |
_aChildren's _vDinosaur |
||
| 650 |
_aPaleontology _vPicture book |
||
| 942 |
_2ddc _cBK _n0 |
||
| 999 |
_c9945 _d9945 |
||